LIBRARY ONLINE CATALOGUE

Fisheries & aquaculture cluster proceeding : (Record no. 13929)

MARC details
000 -LEADER
fixed length control field 00725cam a22002172 4500
001 - CONTROL NUMBER
control field 0000024307
005 - DATE AND TIME OF LATEST TRANSACTION
control field 20151217155915.0
008 - FIXED-LENGTH DATA ELEMENTS--GENERAL INFORMATION
fixed length control field 130701s xx 000 0 eng d
020 ## - INTERNATIONAL STANDARD BOOK NUMBER
International Standard Book Number 9970452019 :
040 ## - CATALOGING SOURCE
Original cataloging agency KABU
Transcribing agency KABU
245 10 - TITLE STATEMENT
Title Fisheries & aquaculture cluster proceeding :
Remainder of title proceedings of the cluster workshop 12th-14th December 2010 Mwanza, Tanzania /
Statement of responsibility, etc. editors: R. Mdegela ... [et al.].
250 ## - EDITION STATEMENT
Edition statement 1st ed.
260 ## - PUBLICATION, DISTRIBUTION, ETC. (IMPRINT)
Place of publication, distribution, etc. Kampala :
Name of publisher, distributor, etc. IUCEA,
Date of publication, distribution, etc. 2010.
300 ## - PHYSICAL DESCRIPTION
Extent 229 p.
650 #0 - SUBJECT ADDED ENTRY--TOPICAL TERM
Topical term or geographic name as entry element Fisheries
Form subdivision Congresses.
-- 0000184303
650 #0 - SUBJECT ADDED ENTRY--TOPICAL TERM
Topical term or geographic name as entry element Aquaculture
Form subdivision Congresses.
-- 0000184304
710 2# - ADDED ENTRY--CORPORATE NAME
Corporate name or jurisdiction name as entry element Mdegela, R.
-- 0000184305
908 ## - PUT COMMAND PARAMETER (RLIN)
Put command parameter 130701
950 ## - LOCAL HOLDINGS (RLIN)
-- 1
Holdings
Withdrawn status Lost status Source of classification or shelving scheme Not for loan Home library Current library Date acquired Total Checkouts Full call number Barcode Date last seen Price effective from Koha item type
    Library of Congress Classification   Kabarak, Main Campus Kabarak, Main Campus 17/12/2015   SH3 .F57 2010 014910 17/12/2015 17/12/2015 Africana Collection